|
|
|
|
| LEADER |
01920nam a2200385 a 4500 |
| 001 |
mzk03001037100 |
| 003 |
CZ BrMZK |
| 005 |
20200715125011.0 |
| 007 |
ta |
| 008 |
060613s1661 fr ai fr|||||00| ||latod |
| 040 |
|
|
|a BOA001
|b cze
|
| 041 |
0 |
|
|a lat
|a grc
|
| 072 |
|
7 |
|a 094
|x Staré tisky
|2 Konspekt
|9 12
|
| 080 |
|
|
|a (0.068)094
|2 MRF
|
| 100 |
0 |
|
|a Nikeforos Bryennios
|4 aut
|
| 245 |
1 |
0 |
|a Nikephorou Kaisaros tou Bryenniou Ule istorias. Nicephori Caesaris Bryennii Commentarii de rebus byzantinis /
|c Prodeunt nunc primum opera & studio Petri Possini e Soc. Iesv
|
| 246 |
3 |
1 |
|a Corpus Byzantinae Historiae
|
| 260 |
|
|
|a Parisiis :
|b E Typographia Regia. ;
|a Parisiis :
|b In Typographia Regia, Cvrante Sebastiano Cramoisy, Regis ac Reginae Regentis Architypographo,
|c 1661
|
| 300 |
|
|
|a [20], 117, [5] s. ;
|c 2°
|
| 500 |
|
|
|a Výzdoba: Nad impresem mědirytinový Francouzský znak, v textu mědirytiny (též znaky), linky z typografických ozdob, text tištěn dvousloupcově
|
| 501 |
|
|
|a Přívazek k: Annes tes Komnenes porpherogennetou kaisarisses Alexias. Annae Comnenae porphyrogenitae caesarissae Alexias, sive De rebvs ab Alexio imperatore vel eius tempore gestis, libri quindecim ... / Anna Komnéné
|
| 546 |
|
|
|a Latinský a řecký souběžný text
|
| 655 |
|
7 |
|a staré tisky
|7 fd422076
|2 czenas
|
| 700 |
1 |
|
|a Poussines, Pierre,
|d 1609-1686
|7 mzk2009511564
|4 com
|
| 856 |
4 |
2 |
|u https://books.google.cz/books?id=U4eZOZlEi6EC&pg=PP1#v=onepage&q&f=false
|y Digitalizovaný dokument
|z exemplář Národní knihovny ČR, sign. B I 000140/adl.2
|
| 903 |
|
|
|a RP
|
| 910 |
|
|
|a BOA001
|b ST4-0153.963,16,přív.
|
| 978 |
|
|
|b Cramoisy, Sébastien
|a Paris
|c 1661
|
| 978 |
|
|
|b Tiskárna královská
|a Paris
|c 1661
|
| 984 |
|
|
|a Paříž
|b Francie
|
| 985 |
|
|
|a 1651-1700
|
| 990 |
|
|
|a BK
|
| 993 |
|
|
|a Y
|
| 991 |
|
|
|k mzk
|
| 994 |
|
|
|a UP
|l MZK03
|b 001037098
|m přívazek
|n záznam 1. díla (pro objednání pokračujte kliknutím)
|